| 000 | 00948nab a2200217 i 4500 | ||
|---|---|---|---|
| 001 | 768714001 | ||
| 003 | CO-MdFUSB | ||
| 005 | 20240530170515.0 | ||
| 008 | 240530t1974 ag ||||| |||| 00| 0 spa d | ||
| 040 |
_bspa _cCO-MdFUSB _dCO-MdFUSB |
||
| 041 | _aspa | ||
| 100 |
_aYoung, José, _eautor |
||
| 245 | 3 |
_aLa fe y sus problemas _c/ José Young |
|
| 520 | _aLa fe ciega es una fe que no tiene base ni sustancia excepto lo que ignoramos. Y confiar o participar en lo absurdo es simplemente una decisión suicida. Un cristiano que dice creer en la iglesia, aunque no entienda nada de nada, está lejos de la verdadera fe. | ||
| 650 | 7 |
_aFe y razón _9532 |
|
| 650 | 7 |
_aCristología _9239 |
|
| 650 | 7 |
_aReligiones _9386 |
|
| 773 | 0 |
_069974 _982717 _dBuenos Aires _oR2609 _tCerteza _w(CO-MdFUSB)768714001 _gNúmero 56, (octubre - diciembre, 1974) páginas: 250 - 252 _qpágina: 250 |
|
| 942 | _cANA | ||
| 945 | _aCatherine Arias Álvarez - Practicante SENA | ||
| 999 |
_c70010 _d70010 |
||